000 00770pam a2200277 a 4500
999 _c2955
_d2955
001 015981995
003 UkOxU
005 20230913113556.0
008 040701s2004 enk 000 d eng
015 _aGBA449111
_2bnb
020 _a9781840024715
035 _a(UkOxU)UkOxUw12774245
035 _a(Uk)012946492
040 _aStDuBDS
_beng
_cStDuBDS
_dUk
_dKH8
042 _aukblsr
082 0 4 _a822.92 WAD
_222
100 1 _aWade, Laura,
_eauthor.
245 1 0 _aColder than here /
_cLaura Wade.
260 _aLondon :
_bOberon,
_c2004.
300 _a103 p. ;
_c21 cm.
500 _aOne man, 3 women.
500 _a"Soho Theatre Company presents" - t.p. verso.
650 0 _aDeath
_vDrama.
710 2 _aSoho Theatre Company (London, England)
942 _2ddc
_cTR